Politics and change in the Middle East / (Record no. 24714)
[ view plain ]
| 000 -LEADER | |
|---|---|
| fixed length control field | 01130cam a22003375a 4500 |
| 001 - CONTROL NUMBER | |
| control field | 16542494 |
| 005 - DATE AND TIME OF LATEST TRANSACTION | |
| control field | 20170426141050.0 |
| 008 - FIXED-LENGTH DATA ELEMENTS--GENERAL INFORMATION | |
| fixed length control field | 101118t2012 maua frd 001 0 eng d |
| 020 ## - INTERNATIONAL STANDARD BOOK NUMBER | |
| International Standard Book Number | 9780205082391 |
| 020 ## - INTERNATIONAL STANDARD BOOK NUMBER | |
| International Standard Book Number | 0205082394 |
| 035 ## - SYSTEM CONTROL NUMBER | |
| System control number | (OCoLC)ocn682903779 |
| 040 ## - CATALOGING SOURCE | |
| Original cataloging agency | DLC |
| Transcribing agency | DLC |
| Modifying agency | YDX |
| -- | YDXCP |
| -- | BWX |
| -- | CDX |
| -- | DLC |
| -- | EG-ScBUE |
| Language of cataloging | eng |
| 043 ## - GEOGRAPHIC AREA CODE | |
| Geographic area code | aw----- |
| 082 04 - DEWEY DECIMAL CLASSIFICATION NUMBER | |
| Edition number | 22 |
| Classification number | 320.56 |
| Item number | AND |
| 100 1# - MAIN ENTRY--PERSONAL NAME | |
| Personal name | Andersen, Roy. |
| 245 10 - TITLE STATEMENT | |
| Title | Politics and change in the Middle East / |
| Statement of responsibility, etc | Roy R. Andersen, Robert F. Seibert, Jon G. Wagner. |
| 250 ## - EDITION STATEMENT | |
| Edition statement | 10th ed. |
| 260 ## - PUBLICATION, DISTRIBUTION, ETC. (IMPRINT) | |
| Place of publication, distribution, etc | Boston : |
| Name of publisher, distributor, etc | Longman, |
| Date of publication, distribution, etc | c.2012. |
| 300 ## - PHYSICAL DESCRIPTION | |
| Extent | xxvii, 402 p. : |
| Other physical details | ill. ; |
| Dimensions | 24 cm. |
| 500 ## - GENERAL NOTE | |
| General note | Index : p. 382-402. |
| 500 ## - GENERAL NOTE | |
| General note | Glossary : p. 379-381. |
| 650 ## - SUBJECT ADDED ENTRY--TOPICAL TERM | |
| Source of heading or term | BUEsh |
| 651 #7 - SUBJECT ADDED ENTRY--GEOGRAPHIC NAME | |
| Geographic name | Middle East |
| General subdivision | Politics and government. |
| Source of heading or term | BUEsh |
| 9 (RLIN) | 11754 |
| 651 #7 - SUBJECT ADDED ENTRY--GEOGRAPHIC NAME | |
| Geographic name | Middle East |
| General subdivision | Foreign relations. |
| 9 (RLIN) | 13921 |
| Source of heading or term | BUEsh |
| 653 ## - INDEX TERM--UNCONTROLLED | |
| Resource For college | Law |
| Arrived date list | April2017 |
| 700 1# - ADDED ENTRY--PERSONAL NAME | |
| Personal name | Seibert, Robert F. |
| 700 1# - ADDED ENTRY--PERSONAL NAME | |
| Personal name | Wagner, Jon G. |
| 906 ## - LOCAL DATA ELEMENT F, LDF (RLIN) | |
| a | 7 |
| b | cbc |
| c | orignew |
| d | 1 |
| e | ecip |
| f | 20 |
| g | y-gencatlg |
| 942 ## - ADDED ENTRY ELEMENTS (KOHA) | |
| Source of classification or shelving scheme | Dewey Decimal Classification |
| Withdrawn status | Item status | Source of classification or shelving scheme | Damaged status | Not for loan | Vendor | Home library | Current library | Shelving location | Date acquired | Source of acquisition | Cost, normal purchase price | Serial Enumeration / chronology | Total Checkouts | Total Renewals | Full call number | Barcode | Date last seen | Date last borrowed | Cost, replacement price | Koha item type |
|---|---|---|---|---|---|---|---|---|---|---|---|---|---|---|---|---|---|---|---|---|
| Dewey Decimal Classification | Scientific_Group | Central Library | Central Library | First floor | 26/04/2017 | Purchase | 600.00 | 666 | 2 | 16 | 320.56 AND | 000041708 | 15/07/2025 | 07/11/2018 | 750.00 | Book - Borrowing |